Datum a čas kvízu
26
Celkem bodů
Celkový počet nahraných bodů na tomto kvízu bez doplňovacích otázek.
12.
Pořadí na kvízu
Konečné umístění týmu na tomto kvízu.
Zaznamenané odpovědi
| # | Otázka | Odpověď | Body | Výsledky |
|---|---|---|---|---|
| 1. | Jak se jmenuje kandidát na úst... | Pavel Simon | 1 | |
| 2. | Paprička jisté odrůdy existuje... | Pepper X | 0 | |
| 3. | Ve čtvrtek koncertoval v pražs... | Louis Tomlinson, One Direction | 1 | |
| 4. | Nápojářský gigant Kofola bude... | v Kolumbii | 1 | |
| 5. | Ve čtvrtek na tenisovém turnaj... | zahrál úder opačnou rukou | 0 | |
| 6. | V tomto tématu zabrousíme do č... | Jana Nerudu | 1 | |
| 7. | Drama Nabarvené ptáče z roku 2... | Václav Marhoul | 1 | |
| 8. | V roce 2022 přišel do kin film... | jak se mám | 1 | |
| 9. | Pod českoněmecký film Pták ohn... | Václav Vorlíček, Miloš Macourek | 0 | |
| 10. | Ptakopysk sice není pták, ale... | Nejistá sezona | 0 |